00357nam a2200133Ia 4500008004100000041000800041082001400049100002000063245004500083250001400128260003800142300003200180365001100212240624s9999 xx 000 0 und d aeng a332.6 ELL aELLIS CHARLES D aWINNING THE LOSER S GAME TIMELESS STRATE a(5th ed.) c2010aNew DelhibTata McGraw-Hill axvii, : 234 : p. : cm. ; 26 cRSb33